Almanac 2008. (Record no. 105941)
[ view plain ]
| 000 -LEADER | |
|---|---|
| fixed length control field | 00360nam a2200145 a 4500 |
| 005 - DATE AND TIME OF LATEST TRANSACTION | |
| control field | 20140412111419.0 |
| 008 - FIXED-LENGTH DATA ELEMENTS--GENERAL INFORMATION | |
| fixed length control field | 070906s19uu xx 00 eng d |
| 020 ## - INTERNATIONAL STANDARD BOOK NUMBER | |
| International Standard Book Number | 1-933821-84-1 |
| 050 ## - LIBRARY OF CONGRESS CALL NUMBER | |
| Classification number | REF 030 |
| Item number | R79 2008 |
| 245 ## - TITLE STATEMENT | |
| Title | Almanac 2008. |
| 260 ## - PUBLICATION, DISTRIBUTION, ETC. (IMPRINT) | |
| Place of publication, distribution, etc | Canada : |
| Name of publisher, distributor, etc | A Time Inc. Company, |
| Date of publication, distribution, etc | 2008. |
| 300 ## - PHYSICAL DESCRIPTION | |
| Extent | 255 |
| 440 ## - SERIES STATEMENT/ADDED ENTRY--TITLE | |
| Title | Time for kids |
| Withdrawn status | Lost status | Damaged status | Home library | Current library | Shelving location | Date acquired | Source of acquisition | Cost, normal purchase price | Total Checkouts | Full call number | Barcode | Date last seen | Price effective from | Koha item type |
|---|---|---|---|---|---|---|---|---|---|---|---|---|---|---|
| Elizalde Library | Elizalde Library | Reference Section | 09/06/2007 | 195.00 | REF 030 R79 2008 | E11002 | 04/12/2014 | 04/12/2014 | Books |